Historia Francji - Statystyki

Ogólne statystyki
  • Ten quiz został rozwiązany 1 799 razy
  • Średni wynik to 13 z 21
Statystyki odpowiedzi
Wskazówka Odpowiedź % Poprawnych
Sportowy turniej, który wygrała Francja w 1998 r. oraz 2018 r. Mistrzostwa świata
90%
Cesarz, który podbił większość Europy na początku XIX w. Napoleon
90%
Urządzenie służące do ścięcia głowy Gilotyna
89%
Pałac, w którym powyższy żył Pałac {wersalski}
75%
Śródziemnomorska wyspa zaanektowana w 1770 r. Korsyka
74%
Dawny paryski pałac królewski, aktualnie jest to muzeum Luwr
70%
Jeden z najdłuższych panujących monarchów w historii Ludwik XIV
68%
Słynne więzienie odbite w 1789 roku(z zaledwie 7 więźniami w środku) Bastylia
66%
Dawna kolonia francuska, która uzyskała niepodległość po krwawej wojnie w 1962 r. Algieria
65%
Stolica nieokupowanej Francji w trakcie II wojny światowej Vichy
65%
Rzymianin, który podbił Galię Juliusz Cezar
63%
Francuska nazwa "pięknej epoki", która trwała od zakończenia wojny z Prusami aż do początku I wojny światowej {Belle} Époque
59%
Kierunek w sztuce zapoczątkowany przez Claude Moneta Impresjonizm
58%
Jeden z najwybitniejszych władców Franków, rządził nimi na przełomie VIII a IX w. Karol Wielki
58%
Historyczne krainy, które straciła Francja na rzecz Niemiec w 1871 r. Lotaryngia
57%
Historyczne krainy, które straciła Francja na rzecz Niemiec w 1871 r. Alzacja
55%
Prezydent Francji w latach 1959-69 Charles de Gaulle
54%
Wojna światowa toczona głównie przeciwko Wielkiej Brytanii oraz Niemcom w latach 1756–1763 Wojna {siedmioletnia}
38%
Rzecz, którą wynaleźli bracia Montgolfier Balon na ogrzane powietrze
35%
Okres podczas rewolucji francuskiej, w trakcie którego doszło do masakr i egzekucji tysięcy ludzi Rządy {terroru}
26%
Pierwszy premier Francji Armand Jean Richelieu
9%
Nie znaleziono quizów pasujących do podanych kryteriów
Rozkład punktacji
Procent ludzi z każdym wynikiem
Percentyl według liczby udzielonych odpowiedzi
Twoja historia wyników
Nie rozwiązałeś tego quizu